00474nam a2200169Ia 4500003000400000008004100004040001600045082001600061100002600077245005300103700002100156700002100177260004600198300000900244650001500253650003600268GCL140319s9999 xx 000 0 eng d aGCL / cGCL04a618.92bM H1 aMERENSTEIN, GERALD B.10aHANDBOOK OF PEDIATRICS / cMERENSTEIN, GERALD B.1 aKAPLAN, DAVID W.1 aROSENBERG, ADAMA a[S.N] : bLANGUAGE MEDICAL BOOK ، c1994 a107104aPEDIATRICS04aCHILDREN - DISEASES - DIAGNOSIS